000 00449nam a22001697a 4500
005 20241219124637.0
008 241219b |||||||| |||| 00| 0 eng d
020 _a9788177587500
050 _aPE112
_b.Q5 QUI
100 _aQUIRK, RANDOLPH
245 _aA UNIVERSITY GRAMMAR OF ENLISH
260 _aBANGLADESH
_bPEARSON EDUCATION
_cc1973
300 _a496p;
_bill.;
500 _aincludes index
700 _aGreenbaum, Sidney
942 _2lcc
_cBK
_n0
999 _c2464
_d2464